Парамагнитные явления на поверхности растущего из раствора кристалла в слабом магнитном поле; Изотопы: технологии, материалы и применение

التفاصيل البيبلوغرافية
Parent link:Изотопы: технологии, материалы и применение.— 2023.— С. 109-110
المؤلف الرئيسي: Огородников С. А.
مؤلف مشترك: Национальный исследовательский Томский политехнический университет
مؤلفون آخرون: Арыштаев С. А. (научный руководитель), Мышкин В. Ф. Вячеслав Фёдорович
الملخص:Текстовый файл
اللغة:الروسية
منشور في: 2023
سلاسل:Свойства, получение и применение изотопно-модифицированных материалов
الموضوعات:
الوصول للمادة أونلاين:http://earchive.tpu.ru/handle/11683/77286
التنسيق: الكتروني فصل الكتاب
KOHA link:https://koha.lib.tpu.ru/cgi-bin/koha/opac-detail.pl?biblionumber=670252

MARC

LEADER 00000naa2a2200000 4500
001 670252
005 20240129133934.0
090 |a 670252 
100 |a 20240123d2023 k||y0rusy50 ca 
101 0 |a rus 
102 |a RU 
135 |a drbn ---uucaa 
200 1 |a Парамагнитные явления на поверхности растущего из раствора кристалла в слабом магнитном поле  |f С. А. Огородников, С. А. Арыштаев  |g науч. рук. В. Ф. Мышкин; Национальный исследовательский Томский политехнический университет 
225 |a Свойства, получение и применение изотопно-модифицированных материалов 
283 |2 RDAcarrier 
336 |a Текстовый файл 
463 1 |0 670196  |9 670196  |c Томск  |d 2023  |n Изд-во ТПУ  |o сборник тезисов докладов VIII Международной научной конференции молодых ученых, аспирантов и студентов, г. Томск, 7-9 ноября 2023 г.  |v С. 109-110  |p 1 файл (3,21 Мб, 188 с.)  |t Изотопы: технологии, материалы и применение  |f Национальный исследовательский Томский политехнический университет 
610 1 |a труды учёных ТПУ 
610 1 |a электронный ресурс 
610 1 |a парамагнитные явления 
610 1 |a магнитное поле 
700 1 |a Огородников  |b С. А. 
701 |a Арыштаев  |b С. А. 
702 1 |a Мышкин  |b В. Ф.  |c физик  |c профессор Томского политехнического университета, доктор физико-математических наук  |f 1962-  |g Вячеслав Фёдорович  |4 727 
712 0 2 |a Национальный исследовательский Томский политехнический университет  |c (2009- )  |9 26305 
801 0 |a RU  |b 63413507  |c 20240123 
850 |a 63413507 
856 |u http://earchive.tpu.ru/handle/11683/77286  |z http://earchive.tpu.ru/handle/11683/77286 
942 |c CF